000 00917naa a2200241 4500
005 20090513120222.0
008 090513t xxu||||| |||| 00| 0 eng d
010 _aENG-93503
020 _a9788131305157
_c595.00
035 _aEN-77036
037 _bDBAD / PUB
040 _adpl
_bEnglish
082 _a488.0071
100 _aPanigrahi, S.S.
245 _aTeaching of english /
_cby S.S. Panigrahi
260 _aNew Delhi
_bAPH Publishing Corporation
_c2009
270 _a4435-36/7, Ansari Road, Darya Ganj
_bNew Delhi
_e110002
300 _axiii, 225p.
_c23cm(Hb)
500 _aIncludes bibliographical references
650 _aEnglish language
_xStudy and teaching
942 _adpl
_cEN
_2ddc
_h488.0071
_mPAN
999 _c26305
_d26305